| 000 | 00664nam a2200169 4500 | ||
|---|---|---|---|
| 999 |
_c16607 _d16607 |
||
| 008 | 220302b ||||| |||| 00| 0 eng d | ||
| 020 | _a9780367670764 | ||
| 082 |
_22020 _aDC 510.712 _bAs743 |
||
| 245 |
_aAssessment in mathematics education contexts : _btheoretical frameworks and new directions / _cEdited by Jonathan D. Bostic, Erin E. Krupa and Jeffrey C. Shih. |
||
| 260 |
_aLondon : _bRoutledge ; _c©2020. |
||
| 300 |
_axi, 197 pages : _billustrations ; _c22 cm. |
||
| 500 | _aIncludes references. | ||
| 650 |
_aMathematics _xStudy and teaching. _944245 |
||
| 700 |
_aKrupa, E. E. _eEditor. _944246 |
||
| 700 |
_aShih, J. C. _eEditor. _944247 |
||
| 942 |
_2ddc _cDC |
||